niemiecki ubrania - Statystyki

Ogólne statystyki
  • Ten quiz został rozwiązany 216 razy
  • Średni wynik to 11 z 24
Statystyki odpowiedzi
Hint Odpowiedź % Poprawnych
T-shirt das T-shirt
82%
spodnica der Rock
74%
bluzka die Bluse
74%
spodnie die Hose
68%
dżinsy die Jeans
68%
kurtka die Jacke
67%
płaszcz der Mantel
63%
koszula das Hemd
61%
sukienka das Kleid
61%
sweter der Pullover
60%
buty die Schuhe
59%
garnitur der Anzug
58%
szal der Schal
53%
Czapka die Mütze
49%
buty sportowe die Sportschuhe
44%
rękawiczki die Handschuhe
38%
pasek der Gürtel
36%
kamizelka die Weste
20%
kozak; botek der Stiefel
19%
kurtka skorzana die Lederjacke
18%
sandały die Sandalen
16%
w kratkę kariert
10%
w kropki gepunktet
9%
we wzorek gemustert
6%
Nie znaleziono quizów pasujących do podanych kryteriów
Rozkład punktacji
Procent ludzi z każdym wynikiem
Percentyl według liczby udzielonych odpowiedzi
Twoja historia wyników
Nie rozwiązałeś tego quizu